ENVIRONMENTAL impact assessment guidelines for drainage and/or irrigation projects

Bibliographic Details
Corporate Author: Malaysia
Format: Book
Published: Kuala Lumpur : Jabatan Alam Sekitar , 1995
Subjects:

MARC

LEADER 00000cam a2200000 7i4500
001 0000000713
005 20000925.0
020 0 0 |a 9839119370 
090 0 0 |a 363.709595   |b ENV 1995 
245 0 0 |a ENVIRONMENTAL impact assessment guidelines for drainage and/or irrigation projects 
260 0 0 |a Kuala Lumpur :   |b Jabatan Alam Sekitar ,   |c 1995 
300 |a 1 v., (various pagings) ;   |c 30 cm. 
650 0 0 |a Drainage   |z Malaysia 
650 0 0 |a Environmental impact analysis   |z Malaysia 
650 0 0 |a Irrigation   |z Malaysia 
710 1 1 |a Malaysia ,   |c Jabatan Alam Sekitar 
999 |a 0000000615   |b Monograph   |c Open Shelf   |e Default branch 
999 |a 0000005986   |b Monograph   |c Open Shelf   |e Default branch